Normal view
MARC view
- M. Fakha Ali Khan, Sahar Tanveer, Syed Farjad Zaheer
Entry Personal Name
001 - CONTROL NUMBER
- control field: 92344
003 - CONTROL NUMBER IDENTIFIER
- control field: NUST
005 - DATE AND TIME OF LATEST TRANSACTION
- control field: 20220703103751.0
008 - FIXED-LENGTH DATA ELEMENTS
- fixed length control field: 220703|| aca||aabn | a|a d
040 ## - CATALOGING SOURCE
- Original cataloging agency: NUST
- Transcribing agency: NUST
100 ## - HEADING--PERSONAL NAME
- Personal name: M. Fakha Ali Khan, Sahar Tanveer, Syed Farjad Zaheer
670 ## - SOURCE DATA FOUND
- Source citation: Work cat.: (NUST)10569: M. Fakha Ali Khan, Sahar Tanveer, Syed Farjad Zaheer, SPOT system (standalone power for outreach terrain): MPPT based sola power system [project report BEE-4], 2011.
